Big data : (Record no. 194952)
[ view plain ]
| 000 -LEADER | |
|---|---|
| fixed length control field | 00728nam a2200229Ia 4500 |
| 005 - DATE AND TIME OF LATEST TRANSACTION | |
| control field | 20251017112052.0 |
| 008 - FIXED-LENGTH DATA ELEMENTS--GENERAL INFORMATION | |
| fixed length control field | 210716s2015 xx 000 0 und d |
| 020 ## - INTERNATIONAL STANDARD BOOK NUMBER | |
| International Standard Book Number | 9789351198062 |
| 040 ## - CATALOGING SOURCE | |
| Transcribing agency | AIMIT LIBRARY |
| 041 ## - LANGUAGE CODE | |
| Language code of text/sound track or separate title | eng |
| 082 ## - DEWEY DECIMAL CLASSIFICATION NUMBER | |
| Classification number | 005.768 |
| Edition number | 1 |
| Item number | MARN |
| 100 ## - MAIN ENTRY--PERSONAL NAME | |
| Personal name | Marz, Nathan. |
| 9 (RLIN) | 49772 |
| 245 ## - TITLE STATEMENT | |
| Title | Big data : |
| Remainder of title | principles and best practices of scalable real time data systems / |
| Statement of responsibility, etc. | By Nathan Marz and James Warren. |
| 250 ## - EDITION STATEMENT | |
| Edition statement | 1st ed. |
| 260 ## - PUBLICATION, DISTRIBUTION, ETC. | |
| Place of publication, distribution, etc. | New Delhi : |
| Name of publisher, distributor, etc. | Dreamtech Press , |
| Date of publication, distribution, etc. | 2015. |
| 300 ## - PHYSICAL DESCRIPTION | |
| Extent | xx, 308p. ; |
| Other physical details | PB |
| Dimensions | 24.5 cm. |
| 650 ## - SUBJECT ADDED ENTRY--TOPICAL TERM | |
| Topical term or geographic name entry element | Batch layer |
| 9 (RLIN) | 49773 |
| 650 ## - SUBJECT ADDED ENTRY--TOPICAL TERM | |
| Topical term or geographic name entry element | Serving layer |
| 9 (RLIN) | 49774 |
| 650 ## - SUBJECT ADDED ENTRY--TOPICAL TERM | |
| Topical term or geographic name entry element | Speed layer |
| 9 (RLIN) | 49775 |
| 700 ## - ADDED ENTRY--PERSONAL NAME | |
| Personal name | Warren, James. |
| 9 (RLIN) | 49776 |
| 942 ## - ADDED ENTRY ELEMENTS (KOHA) | |
| Source of classification or shelving scheme | Dewey Decimal Classification |
| Koha item type | Book |
| Edition | 1st |
| Call number prefix | 005.768 MARN |
| Withdrawn status | Lost status | Source of classification or shelving scheme | Damaged status | Not for loan | Collection code | Home library | Current library | Source of acquisition | Cost, normal purchase price | Inventory number | Total Checkouts | Full call number | Barcode | Date last seen | Date last checked out | Cost, replacement price | Price effective from | Koha item type | Date acquired |
|---|---|---|---|---|---|---|---|---|---|---|---|---|---|---|---|---|---|---|---|
| Dewey Decimal Classification | MCA | St Aloysius Institute of Management & Information Technology | St Aloysius Institute of Management & Information Technology | Knowledge World | 599.00 | Bill no:182; Bill dt:2016-01-13 | 3 | 005.768 MARN | MCA14460 | 05/23/2026 | 01/07/2025 | 449.25 | 07/16/2021 | Book | |||||
| Dewey Decimal Classification | MCA | St Aloysius Institute of Management & Information Technology | St Aloysius Institute of Management & Information Technology | Knowledge World | 599.00 | Bill no:182; Bill dt:2016-01-13 | 3 | 005.768 MARN | MCA14461 | 05/23/2026 | 01/10/2022 | 449.25 | 07/16/2021 | Book | |||||
| Dewey Decimal Classification | MCA | St Aloysius Institute of Management & Information Technology | St Aloysius Institute of Management & Information Technology | Knowledge World | 599.00 | Bill no:281; Billdt:2016-10-07 | 1 | 005.768 MARN | MCA14986 | 05/23/2026 | 12/10/2021 | 449.25 | 07/16/2021 | Book | |||||
| Dewey Decimal Classification | MCA | St Aloysius Institute of Management & Information Technology | St Aloysius Institute of Management & Information Technology | Knowledge World | 599.00 | Bill no:335; Billdt:2017-02-28 | 005.768 MARN | MCA15248 | 05/23/2026 | 467.22 | 07/16/2021 | Book | 03/08/2017 | ||||||
| Dewey Decimal Classification | Reference Book | MCA | St Aloysius Institute of Management & Information Technology | St Aloysius Institute of Management & Information Technology | Knowledge World | 649.00 | Bill no:501; Bill dt:2018-03-05 | 005.768 MARN | MCA15530 | 07/21/2025 | 506.22 | 07/16/2021 | Book | ||||||
| Dewey Decimal Classification | MCA | St Aloysius Institute of Management & Information Technology | St Aloysius Institute of Management & Information Technology | Knowledge World | 649.00 | Bill no:929; Bill dt:2020-03-16 | 1 | 005.768 MARN | MCA16772 | 05/23/2026 | 01/07/2025 | 486.75 | 07/16/2021 | Book |